Arrondissements d'Occitanie - Mort subite - Statistiques

Statistiques générales
  • Ce quiz a été pris 137 fois
  • Le résultat moyen est 6 sur 16
Answers on the Grid
Answers color-coded by a green-red scale on the quiz's grid according to % correct below.
Sète
Moissac
Marvejols
Argelès-sur-mer
Beaucaire
Saint-Affrique
Arles
Avignon
Largentière
Villeneuve-sur-Lot
Mauléon-Licharre
Oloron-Sainte-Marie
Lannemezan
Lavelanet
Revel
L'Isle-Jourdain
Mende
Le Vigan
Béziers
Narbonne
Prades
Pamiers
Argelès-Gazost
Auch
Cahors
Millau
Muret
Toulouse
Montauban
Castres
Montpellier
Limoux
 
Statistiques - réponses
Réponse % Correct
Toulouse
56%
Castres
51%
Narbonne
51%
Montauban
49%
Montpellier
44%
Auch
43%
Cahors
41%
Béziers
38%
Millau
38%
Mende
37%
Pamiers
37%
Muret
35%
Limoux
27%
Argelès-Gazost
25%
Prades
25%
Le Vigan
23%
Aucun quiz correspondant
Distribution des résultats
% des personnes avec chaque résultat
Percentile par nombre de réponses
Votre historique - résultats
Vous n’avez pas pris ce quiz